Use your perfect memory
| Main Author: | |
|---|---|
| Format: | Book |
| Published: |
New York :
Penguin Group ,
1991
|
| Subjects: |
MARC
| LEADER | 00000cam a2200000 7i4500 | ||
|---|---|---|---|
| 001 | 0000003104 | ||
| 005 | 19991214.0 | ||
| 020 | |a 0452266068 | ||
| 040 | |a INS | ||
| 090 | 0 | 0 | |a 153.14 |b BUZ |
| 100 | 1 | |a Buzan, Tony | |
| 245 | 1 | 0 | |a Use your perfect memory |c Tony Buzan |
| 260 | |a New York : |b Penguin Group , |c 1991 | ||
| 300 | |a 190p. ; |c 20.5 cm. | ||
| 650 | 0 | 0 | |a Memory |
| 650 | 0 | 0 | |a Mnemonics |
| 999 | |a 0000005418 |b BOOK |c Open Shelf |e Default branch | ||